Statistiques concernant Tous les modèles de Bugatti depuis 1909 (avec image)

Cliquez ici pour prendre le quiz!

Statistiques générales

  • Ce quiz a été pris 140 fois
  • Le résultat moyen est 11 sur 35

Statistiques - réponses

Réponse% Correct
Chiron
97%
Veyron 16.4
96%
Divo
82%
La Voiture Noire
76%
Type 10
73%
EB110
71%
Bolide
65%
Centodieci
60%
Type 5
52%
W16 Mistral
52%
Type 2
41%
Type 57
36%
Type 30
25%
Type 18
24%
Type 50
24%
Type 28
20%
Type 29
20%
Type 36
20%
Type 49
20%
Type 55
20%
Type 56
19%
Type 38
18%
Type 43
18%
Type 44
18%
Type 46
17%
Type 57S, 57SC
17%
Type 64
14%
Type 68
14%
Type 73
12%
Type 101
7%
Type 16 "Bébé"
2%
Type 41 "Royale"
2%
Type 52 "Bébé"
2%
Type 13, 15, 17
1%
Type 45, 47
1%

Distribution des résultats

Percentile par nombre de réponses

% des personnes avec chaque résultat

Votre développement - résultats

Vous n’avez pas pris ce quiz